000 01063nam a22002897a 4500
001 9327
003 FISKH
005 20251211084503.0
008 251211b cb ||||| |||| 00| 0 eng d
020 _a9780064450973
040 _aFISKH
_beng
_cFISKH
_dFISKH
050 _aQC527 .B47
082 _a537
100 _aBerger, Melvin
_eAuthor
245 _aSwitch on, switch off :
_bLet's-read-and-find-out science 2 /
_cby Melvin Berger ; Illustrated by Carolyn Croll
260 _aWashington :
_bHarperCollins Publisher ,
_c1989
300 _a32 pages :
_bcolor illustrations ;
_c21 x 26 cm
505 _aN
520 _aExplains how electricity is produced and transmitted, how to create electricity using an electrical wire and a magnet, how generators supply electricity for cities, and how electricity works in homes.
521 8 _a570
_bLexile
521 8 _aN
_bRaz-Plus
650 _aLet's read and find out
_vElectricity
650 _aPicture book
_vScience
700 _aCroll, Carolyn
_eIllustrator
942 _2ddc
_cBK
_n0
999 _c9327
_d9327